000 00787nam a2200181Ia 4500
008 100921s9999 xx 000 0 und d
082 _b19998
_a305.4 थ 86
100 _aगवाणकर रोहिणी.
245 _aमराठी स्त्री शक्तचिे राजकारणी रूप.
260 _bआदित्य प्रतिष्ठान,पुणे.
_c1986
300 _a316
_b---
365 _b50
520 _aस.शा.-स्त्रीया.
630 _aमराठी स्त्री शक्तचिे राजकारणी रूप.
650 _aस.शा.-स्त्रीया.
730 _aमराठी स्त्री शक्तचिे राजकारणी रूप.
942 _cBOOK
999 _c769111
_d769108